书目信息 |
| 题名: |
日本调度集中
|
|
| 作者: | 中岛晃一 , 长崎邦夫 著 ;铁道部电化工程局电务勘测设计处 译 | |
| 分册: | ||
| 出版信息: | 北京 人民铁道出版社 1978 |
|
| 页数: | 144页 | |
| 开本: | 20cm | |
| 丛书名: | ||
| 单 册: | ||
| 中图分类: | U284.53 | |
| 科图分类: | ||
| 主题词: | 调度集中-铁路行车--日本 , 铁路行车-调度集中--日本 | |
| 电子资源: | ||
| ISBN: | ||
| 000 | 00845nam0 2200253 45 | |
| 001 | 0178005384 | |
| 005 | 20060411100144.75 | |
| 100 | @a19950810d1978 emky0chiy0121 ea | |
| 101 | 1 | @achi@cjpn |
| 102 | @aCN | |
| 102 | @aCN@b110000 | |
| 105 | @aa z 000yy | |
| 200 | 10 | @a日本调度集中@Ari ben diao du ji zhong@e附图@f(日)长崎邦夫, (日)中岛晃一著@g铁道部电化工程局电务勘测设计处译 |
| 210 | @a北京@c人民铁道出版社@d1978 | |
| 215 | @a144页@d20cm | |
| 517 | 1 | @a附图@Afu tu |
| 606 | @a调度集中-铁路行车@y日本 | |
| 606 | @a铁路行车-调度集中@y日本 | |
| 690 | @aU284.53@v4 | |
| 701 | 0 | @a中岛晃一@Azhong dao huang yi@4著 |
| 701 | 0 | @a长崎邦夫@Achang qi bang fu@4著 |
| 712 | 02 | @a铁道部电化工程局电务勘测设计处@Atie dao bu dian hua gong cheng ju dian wu kan ce she ji chu@4译 |
| 801 | 0 | @aCN@bTSSF@c20060411 |
| 905 | @a10447@dU284.53@e1 | |
| 日本调度集中:附图/(日)长崎邦夫, (日)中岛晃一著/铁道部电化工程局电务勘测设计处译.-北京:人民铁道出版社,1978 |
| 144页;20cm |
| ISBN : |
| ● |
| 相关链接 |
|
|
|
|
正题名:日本调度集中
索取号:U284.53/1
 
预约/预借
| 序号 | 登录号 | 条形码 | 馆藏地/架位号 | 状态 | 备注 |
| 1 | 0004661 | 001482737 | 密集书库/ [索取号:U284.53/1] | 在馆 |